header

Migrancy, culture, identity (Record no. 735)

MARC details
000 -LEADER
fixed length control field 01368nam a2200361 a 4500
082 04 - DEWEY DECIMAL CLASSIFICATION NUMBER
Classification number 304.8
100 1# - MAIN ENTRY--AUTHOR NAME
Personal name Chambers, Iain.
245 10 - TITLE STATEMENT
Title Migrancy, culture, identity
260 ## - PUBLICATION, DISTRIBUTION, ETC. (IMPRINT)
Place of publication London ;
-- New York :
Name of publisher Routledge,
Year of publication 1994.
300 ## - PHYSICAL DESCRIPTION
Number of Pages x, 154 p. :
Other physical details ill.
490 1# - SERIES STATEMENT
Series statement Comedia
500 ## - GENERAL NOTE
General note "Simultaneously published in the USA and Canada"--T.p. verso.
650 #0 - SUBJECT ADDED ENTRY--TOPICAL TERM
Topical Term Emigration and immigration
Topical Term Cultural relations.
Topical Term Identity (Psychology)
856 40 - ELECTRONIC LOCATION AND ACCESS
Uniform Resource Identifier http://site.ebrary.com/lib/rucke/Doc?id=5004135

No items available.

© 2026 Rongo University
Contact us: librarian | system librarian | Rongo university